| 000 | 01243nam a22002057a 4500 | ||
|---|---|---|---|
| 003 | JO-AjAnu | ||
| 005 | 20260418102447.0 | ||
| 008 | 260418b jo ||||| |||| 00| 0 ara d | ||
| 040 |
_aANU _cJO-AjAnu |
||
| 041 | _hARA | ||
| 100 |
_aالزعبي، رزان سامر محمود _eمعد _966944 |
||
| 245 |
_aمستوى معرفة المعلم المساند بخصائص الطلبة الموهوبين ذوي صعوبات التعلم في مارس التعليم الدامج = The support Teachers Khowledge Level of the Characteristics of Gifted Students with learning Disabilities in Inclusive Scools _c / رزان سامر محمود الزعبي؛ اشراف برهان محمود حمادنة |
||
| 260 |
_aعجلون: _bجامعة عجلون الوطنية؛ _c2026 |
||
| 300 | _a69 ورقة | ||
| 500 | _aرسالة جامعية (رسالة ماجستير في التربية الخاصة-كلية العلوم التربوية) جامعة عجلون الوطنية؛ 2026 | ||
| 650 | _vالمدارس-تنظيم وادارة-التعليم الدامج | ||
| 655 | _bالمدارس-تنظيم وادارة-التعليم الدامج | ||
| 700 |
_aحمادنة، برهان محمود _eمشرف _966032 |
||
| 942 |
_2lcc _cTHS _n0 |
||
| 999 |
_c34174 _d34174 |
||